József Attila közöttünk 4. A kiszombori nyár /

Elmentve itt :
Bibliográfiai részletek
Szerző: Péter László
Dokumentumtípus: Cikk
Megjelent: 1980-04-06
Sorozat:Délmagyarország 70 No. 81
Kulcsszavak:József Attila
Online Access:http://dmarchiv.bibl.u-szeged.hu/95104
LEADER 00474nab a2200157 i 4500
001 delm95104
005 20190606132112.0
008 190606s1980 hu o 0|| hun d
040 |a SZTE Délmagyarország Archívum  |b hun 
041 |a hun 
100 1 |a Péter László 
245 1 0 |a József Attila közöttünk   |h [elektronikus dokumentum] :  |b 4. A kiszombori nyár /  |c  Péter László 
260 |c 1980-04-06 
300 |a 4 
490 0 |a Délmagyarország  |v 70 No. 81 
695 |a József Attila